Memoria: 1993-1997

Збережено в:
Бібліографічні деталі
Автори: Yuri S., José Antonio (Автор), Moggia, Claudia (Автор), Torres, Carolina (Автор)
Співавтор: Centro de Pomáceas, Universidad de Talca (Автор)
Формат: Книга
Мова:Іспанська
Опубліковано: Talca Universidad de Talca 1998
Предмети:
Теги: Додати тег
Немає тегів, Будьте першим, хто поставить тег для цього запису!

MARC

LEADER 00000nam a2200000 a 4500
001 UCM0610
003 CL-VaPUC
008 020301e19980000CL |||||||||||||||||spa|d
082 0 4 |a 634.1  |b YUR  |2 21 
100 0 |a Yuri S., José Antonio  |e author  |9 467525 
700 0 |a Moggia, Claudia  |e author  |9 467526 
700 0 |a Torres, Carolina  |e author  |9 467527 
110 2 |a Centro de Pomáceas, Universidad de Talca  |e author  |9 467528 
245 1 0 |a Memoria: 1993-1997 
300 |a 141 h 
942 |c BK 
945 |d 20020301 00:00:00  |a cmena 
260 |a Talca  |b Universidad de Talca  |c 1998 
650 0 |a Fruticultura  |9 259678 
650 7 |a MANZANAS - INVESTIGACION CIENTIFICA  |2 CL-VaPUC  |9 467529 
650 7 |a PERAS  |2 CL-VaPUC  |9 264840 
650 7 |a POMACEAS  |2 CL-VaPUC  |9 404950 
583 |a last modification  |c 20020301 00:00:00  |k Rodrigo Vera 
999 |c 299493  |d 299491